000 00393nam a22001697a 4500
003 OSt
005 20220125094106.0
008 220125b |||||||| |||| 00| 0 eng d
020 _a0135492610
040 _cHU
082 _a658
100 _aMAN
_915522
245 _aMANAGER IN THE INTERNATIONAL ECONOMY
260 _aNEW JERSY
_bENGELWOOD
_c1976
300 _a464
942 _2ddc
_cBOOKS
_n0
999 _c27706
_d27706